000
00232nam a22000857a 4500
999
_c
5532
_d
5532
008
170118b xxu||||| |||| 00| 0 eng d
100
_9
2470
_a
Rowling .J.K
245
_a
Harry Potter and the cursed Child
260
_a
UK
_b
Great Britian
_c
2016